2000s Movies That Everyone Watched - Statistics

General Stats
  • This quiz has been taken 105 times
  • The average score is 15 of 30
Answer Stats
Year Movie Director(s) Main Actor Supporting Actor % Correct
2005 Star Wars: Episode III: Revenge of the Sith George Lucas Hayden Christiansen Ewan McGregor
88%
2001 Harry Potter and the Philosopher's Stone Chris Columbus Daniel Radcliffe Emma Watson
82%
2008 The Dark Knight Christopher Nolan Christian Bale Heath Ledger
72%
2009 Avatar James Cameron Zoe Saldana Sam Worthington
71%
2002 Spider-Man Sam Raimi Tobey Maguire Kirsten Dunst
71%
2000 Gladiator Ridley Scott Russell Crowe Joaquin Phoenix
68%
2007 Transformers Michael Bay Shia LaBeouf Megan Fox
67%
2001 The Lord of the Rings: The Fellowship of the Ring Peter Jackson Elijah Wood Sean Astin
65%
2004 Mean Girls Mark Waters Lindsay Lohan Rachel McAdams
64%
2003 Pirates of the Caribbean: The Curse of the Black Pearl Gore Verbinski Johnny Depp Keira Knightley
64%
2001 Shrek Andrew AdamsonVicky Jenson Mike Myers Cameron Diaz
64%
2006 The Devil Wears Prada David Frankel Meryl Streep Anne Hathaway
61%
2005 Mr. & Mrs. Smith Doug Liman Angelina Jolie Brad Pitt
59%
2001 Ocean's Eleven Steven Soderbergh George Clooney Brad Pitt
57%
2000 Cast Away Robert Zemeckis Tom Hanks Helen Hunt
54%
2004 The Notebook Nick Cassavetes Rachel McAdams Ryan Gosling
52%
2003 Elf Jon Favreau Will Ferrell Zooey Deschanel
49%
2006 Cars John Lasseter Owen Wilson Larry the Cable Guy
43%
2005 Charlie and the Chocolate Factory Tim Burton Johnny Depp Freddie Highmore
42%
2004 Anchorman: The Legend of Ron Bergundy Adam McKay Will Ferrell Paul Rudd
40%
2006 Night at the Museum Shawn Levy Ben Stiller Owen Wilson
38%
2004 The Passion of the Christ Mel Gibson Jim Caviziel Monica Belucci
38%
2008 Kung Fu Panda John StevensonMark Osbourne Jack Black Angelina Jolie
35%
2009 Up Pete Doctor Ed Asner Christopher Plummer
30%
2000 Dr. Seuss' How the Grinch Stole Christmas Ron Howard Jim Carrey Jeffrey Tambor
29%
2002 Ice Age Chris Wedge Ray Romano John Leguizamo
29%
2007 Ratatouille Brad Bird Patton Oswalt Lou Romano
29%
2006 The Da Vinci Code Ron Howard Tom Hanks Audrey Tautou
26%
2003 Bruce Almighty Tom Shadyac Jim Carrey Jennifer Aniston
24%
2005 The Chronicles of Narnia: The Lion, the Witch and the Wardrobe Andrew Adamson Liam Neeson Tilda Swinton
22%
No matching quizzes found
Score Distribution
Percent of People with Each Score
Percentile by Number Answered
Your Score History
You have not taken this quiz